|
|
|
|
| LEADER |
00814nab a2200217 i 4500 |
| 001 |
misc66070 |
| 005 |
20221006104857.0 |
| 008 |
220328s1933 hu o 0|| hun d |
| 040 |
|
|
|a SZTE Miscellanea Repozitórium
|b hun
|
| 041 |
|
|
|a hun
|
| 041 |
|
|
|a lat
|
| 100 |
1 |
|
|a Gronovszky Iván
|
| 245 |
1 |
0 |
|a Meghatározott nemzetiségű pannoniai személynevek = Nomina hominum Pannonica certis gentibus adsignata
|h [elektronikus dokumentum] /
|c Gronovszky Iván
|
| 260 |
|
|
|a Sárkány-ny.
|b Budapest
|c 1933
|
| 300 |
|
|
|a 50 p.
|c 24 cm
|
| 561 |
|
|
|a Németh Gyula hagyaték
|
| 591 |
|
|
|a NOV 2030; B 61452; J/24 1898; J/24 1899
|
| 650 |
|
4 |
|a Bölcsészettudományok
|
| 650 |
|
4 |
|a Nyelvek és irodalom
|
| 695 |
|
|
|a Személynév - Pannónia
|
| 856 |
4 |
0 |
|u http://misc.bibl.u-szeged.hu/66070/1/2030_nov_g67.pdf
|z Dokumentum-elérés
|